[Event "Bundesliga 9697"]
[Site "Deutschland"]
[Date "1997.??.??"]
[Round "?.7"]
[White "Hermann, Manfred"]
[Black "Hedke, Fred"]
[Result "1/2-1/2"]
[WhiteElo "2370"]
[BlackElo "2355"]
[PlyCount "73"]
[EventDate "1996.10.??"]
[EventType "team"]
[EventRounds "15"]
[EventCountry "GER"]
[SourceTitle "Bundesliga 9697"]
[Source "DeepChess"]
[SourceDate "2005.01.01"]
[SourceVersion "1"]
[SourceVersionDate "2005.01.01"]
[SourceQuality "1"]
[WhiteTeam "Delmenhorster SK 1931"]
[BlackTeam "SAbt SV Werder Bremen"]
[WhiteTeamCountry "GER"]
[BlackTeamCountry "GER"]

1. e4 e5 2. Nf3 Nc6 3. Nc3 Nf6 4. Bb5 d6 5. d4 exd4 6. Nxd4 Bd7 7. O-O Be7 8.
Bxc6 bxc6 9. Qf3 O-O 10. Re1 Rb8 11. b3 Rb4 12. Nf5 Bxf5 13. Qxf5 Nd7 14. Ba3
Rb8 15. Rad1 Bf6 16. Na4 Rb5 17. Qf3 Re8 18. c4 Rbe5 19. Bb2 R5e6 20. Bxf6 Qxf6
21. Qxf6 gxf6 22. Kf1 Rxe4 23. Rxe4 Rxe4 24. Nc3 Re7 25. Rd4 f5 26. Rd3 Ne5 27.
Rg3+ Kf8 28. Ne2 f6 29. Rc3 Kf7 30. Nd4 f4 31. c5 dxc5 32. Ne2 Rd7 33. Nxf4 Rd2
34. Rh3 Kg8 35. Rg3+ Kf7 36. Rh3 Kg8 37. Rg3+ 1/2-1/2

[Event "Bundesliga 9697"]
[Site "Deutschland"]
[Date "1997.??.??"]
[Round "?.8"]
[White "Meyer, Claus Dieter"]
[Black "Jugelt, Tobias"]
[Result "1/2-1/2"]
[WhiteElo "2320"]
[BlackElo "2375"]
[PlyCount "57"]
[EventDate "1996.10.??"]
[EventType "team"]
[EventRounds "15"]
[EventCountry "GER"]
[SourceTitle "Bundesliga 9697"]
[Source "DeepChess"]
[SourceDate "2005.01.01"]
[SourceVersion "1"]
[SourceVersionDate "2005.01.01"]
[SourceQuality "1"]
[WhiteTeam "SAbt SV Werder Bremen"]
[BlackTeam "Delmenhorster SK 1931"]
[WhiteTeamCountry "GER"]
[BlackTeamCountry "GER"]

1. e4 Nf6 2. e5 Nd5 3. d4 d6 4. Bc4 Nb6 5. Bb3 d5 6. Qf3 h5 7. h3 Qd7 8. Nc3 c6
9. Nd1 Qf5 10. Ne3 Qxf3 11. Nxf3 e6 12. c4 dxc4 13. Nxc4 Nxc4 14. Bxc4 Nd7 15.
O-O Nb6 16. Bb3 Bd7 17. Be3 Nd5 18. Ng5 a5 19. a3 Be7 20. Ne4 f6 21. Bd2 Kf7
22. Rac1 b6 23. f4 Rhc8 24. Rc2 f5 25. Nc3 Bd8 26. Rfc1 Rab8 27. Nxd5 cxd5 28.
Rxc8 Rxc8 29. Rxc8 1/2-1/2

[Event "Bundesliga 9697"]
[Site "Deutschland"]
[Date "1997.??.??"]
[Round "?.1"]
[White "Dautov, Rustem"]
[Black "Rogers, Ian"]
[Result "1-0"]
[WhiteElo "2590"]
[BlackElo "2600"]
[PlyCount "77"]
[EventDate "1996.10.??"]
[EventType "team"]
[EventRounds "15"]
[EventCountry "GER"]
[SourceTitle "Bundesliga 9697"]
[Source "DeepChess"]
[SourceDate "2005.01.01"]
[SourceVersion "1"]
[SourceVersionDate "2005.01.01"]
[SourceQuality "1"]
[WhiteTeam "SC Anderssen St.Ingbert 1920 e.V."]
[BlackTeam "Delmenhorster SK 1931"]
[WhiteTeamCountry "GER"]
[BlackTeamCountry "GER"]

1. d4 Nf6 2. c4 e6 3. Nf3 c5 4. d5 b5 5. Bg5 h6 6. Bxf6 Qxf6 7. Qc2 Bb7 8. e4
b4 9. Nbd2 e5 10. g3 g6 11. a3 Na6 12. Bh3 Bg7 13. O-O Bc8 14. Ne1 h5 15. Nd3
h4 16. Kg2 hxg3 17. hxg3 Qb6 18. f4 exf4 19. gxf4 bxa3 20. Rxa3 Nb4 21. Nxb4
cxb4 22. Raf3 d6 23. Bxc8 Rxc8 24. e5 dxe5 25. f5 gxf5 26. Qxf5 Rc7 27. Ne4 Qh6
28. Rh3 Qxh3+ 29. Qxh3 Rxh3 30. Kxh3 Bf8 31. b3 Bc5 32. Kg4 Bd4 33. Rh1 a5 34.
d6 f5+ 35. Kxf5 Rg7 36. Ke6 Rg6+ 37. Kd5 a4 38. bxa4 b3 39. Rh8+ 1-0

[Event "Bundesliga 9697"]
[Site "Deutschland"]
[Date "1997.??.??"]
[Round "?.2"]
[White "Stohl, Igor"]
[Black "Martinovic, Slobodan"]
[Result "1/2-1/2"]
[WhiteElo "2580"]
[BlackElo "2495"]
[PlyCount "61"]
[EventDate "1996.10.??"]
[EventType "team"]
[EventRounds "15"]
[EventCountry "GER"]
[SourceTitle "Bundesliga 9697"]
[Source "DeepChess"]
[SourceDate "2005.01.01"]
[SourceVersion "1"]
[SourceVersionDate "2005.01.01"]
[SourceQuality "1"]
[WhiteTeam "Delmenhorster SK 1931"]
[BlackTeam "SC Anderssen St.Ingbert 1920 e.V."]
[WhiteTeamCountry "GER"]
[BlackTeamCountry "GER"]

1. c4 Nf6 2. d4 g6 3. g3 Bg7 4. Bg2 O-O 5. Nc3 d6 6. Nf3 c6 7. O-O Qa5 8. e4
Bg4 9. h3 Bxf3 10. Bxf3 e5 11. Be3 Nbd7 12. d5 cxd5 13. cxd5 Rfc8 14. Qe2 a6
15. Rfc1 h5 16. Kg2 Qd8 17. Qd2 Nb6 18. b3 Nbd7 19. Rc2 Rc7 20. Rac1 Rac8 21.
Be2 Nc5 22. f3 h4 23. g4 Nh7 24. b4 Nd7 25. b5 axb5 26. Nxb5 Rxc2 27. Rxc2 Nc5
28. Bxc5 Rxc5 29. Rxc5 dxc5 30. d6 Ng5 31. Bc4 1/2-1/2

[Event "Bundesliga 9697"]
[Site "Deutschland"]
[Date "1997.??.??"]
[Round "?.3"]
[White "Ristic, Nenad"]
[Black "Beckemeier, Werner"]
[Result "1-0"]
[WhiteElo "2475"]
[BlackElo "2365"]
[PlyCount "77"]
[EventDate "1996.10.??"]
[EventType "team"]
[EventRounds "15"]
[EventCountry "GER"]
[SourceTitle "Bundesliga 9697"]
[Source "DeepChess"]
[SourceDate "2005.01.01"]
[SourceVersion "1"]
[SourceVersionDate "2005.01.01"]
[SourceQuality "1"]
[WhiteTeam "SC Anderssen St.Ingbert 1920 e.V."]
[BlackTeam "Delmenhorster SK 1931"]
[WhiteTeamCountry "GER"]
[BlackTeamCountry "GER"]

1. e4 e5 2. Nf3 Nc6 3. Bb5 g6 4. d4 exd4 5. Bg5 Be7 6. Bxe7 Ngxe7 7. Bxc6 Nxc6
8. Nxd4 O-O 9. Nc3 f5 10. O-O f4 11. Nxc6 bxc6 12. f3 Qf6 13. Re1 Re8 14. Qd2
d6 15. Rad1 Re5 16. Ne2 g5 17. Nc1 g4 18. Nd3 Rg5 19. Kh1 Bd7 20. e5 Qh6 21. e6
Bxe6 22. Nxf4 g3 23. h3 Bd7 24. Re7 Rg7 25. Ne6 Rxe7 26. Qxh6 Rxe6 27. Qh4 Rg6
28. Re1 Re8 29. Rxe8+ Bxe8 30. Kg1 c5 31. f4 Rg7 32. f5 Kf8 33. Qf6+ Rf7 34.
Qh6+ Kg8 35. Qe3 Bc6 36. Qxg3+ Rg7 37. Qb3+ Kh8 38. g4 h5 39. f6 1-0

[Event "Bundesliga 9697"]
[Site "Deutschland"]
[Date "1997.??.??"]
[Round "?.4"]
[White "Borik, Otto"]
[Black "Kachiani Gersinska, Ketino"]
[Result "0-1"]
[WhiteElo "2410"]
[BlackElo "2415"]
[PlyCount "72"]
[EventDate "1996.10.??"]
[EventType "team"]
[EventRounds "15"]
[EventCountry "GER"]
[SourceTitle "Bundesliga 9697"]
[Source "DeepChess"]
[SourceDate "2005.01.01"]
[SourceVersion "1"]
[SourceVersionDate "2005.01.01"]
[SourceQuality "1"]
[WhiteTeam "Delmenhorster SK 1931"]
[BlackTeam "SC Anderssen St.Ingbert 1920 e.V."]
[WhiteTeamCountry "GER"]
[BlackTeamCountry "GER"]

1. Nf3 Nf6 2. c4 g6 3. d4 Bg7 4. Nc3 O-O 5. e4 d6 6. Be2 e5 7. O-O Nc6 8. d5
Ne7 9. Ne1 Nd7 10. Be3 f5 11. f3 f4 12. Bf2 g5 13. a4 Ng6 14. a5 Kh8 15. Nd3
Nf6 16. c5 Rg8 17. a6 Bf8 18. Kh1 h5 19. axb7 Bxb7 20. cxd6 Bxd6 21. Nb5 Bc8
22. Nxd6 cxd6 23. Bxa7 Bd7 24. Bf2 Rxa1 25. Qxa1 g4 26. Qe1 Kg7 27. Qb4 g3 28.
hxg3 fxg3 29. Bxg3 h4 30. Bh2 Nh5 31. Kg1 Ng3 32. Rf2 Qe7 33. Bf1 Ra8 34. Qc3
Bb5 35. Nxe5 dxe5 36. Bxb5 Ra1+ 0-1

[Event "Bundesliga 9697"]
[Site "Deutschland"]
[Date "1997.??.??"]
[Round "?.5"]
[White "Werner, Dimo"]
[Black "Lauber, Arnd"]
[Result "1-0"]
[WhiteElo "2385"]
[BlackElo "2360"]
[PlyCount "77"]
[EventDate "1996.10.??"]
[EventType "team"]
[EventRounds "15"]
[EventCountry "GER"]
[SourceTitle "Bundesliga 9697"]
[Source "DeepChess"]
[SourceDate "2005.01.01"]
[SourceVersion "1"]
[SourceVersionDate "2005.01.01"]
[SourceQuality "1"]
[WhiteTeam "SC Anderssen St.Ingbert 1920 e.V."]
[BlackTeam "Delmenhorster SK 1931"]
[WhiteTeamCountry "GER"]
[BlackTeamCountry "GER"]

1. e4 c6 2. d4 d5 3. Nc3 dxe4 4. Nxe4 Bf5 5. Ng3 Bg6 6. Nf3 Nf6 7. h4 h6 8. Ne5
Bh7 9. Bc4 e6 10. Qe2 Nd5 11. c3 Nd7 12. Bd2 Nxe5 13. dxe5 Nb6 14. Bb3 a5 15.
O-O-O a4 16. Be3 Nd5 17. Bc2 Bxc2 18. Kxc2 Qa5 19. Bd2 O-O-O 20. c4 Nb4+ 21.
Kb1 a3 22. b3 Be7 23. Bc3 Rxd1+ 24. Rxd1 Bxh4 25. Qh5 Bxg3 26. Qxf7 Rd8 27.
Qxe6+ Kb8 28. Rd7 Rxd7 29. Qxd7 Bxf2 30. Qd6+ Qc7 31. Bxb4 c5 32. Bc3 Qxd6 33.
exd6 g6 34. Be5 Kc8 35. Kc2 Kd7 36. Kd3 Ke6 37. Ke4 Bd4 38. Bxd4 cxd4 39. c5
1-0

[Event "Bundesliga 9697"]
[Site "Deutschland"]
[Date "1997.??.??"]
[Round "?.6"]
[White "Reefschlaeger, Helmut"]
[Black "Gross, Georg"]
[Result "1/2-1/2"]
[WhiteElo "2335"]
[BlackElo "2340"]
[PlyCount "94"]
[EventDate "1996.10.??"]
[EventType "team"]
[EventRounds "15"]
[EventCountry "GER"]
[SourceTitle "Bundesliga 9697"]
[Source "DeepChess"]
[SourceDate "2005.01.01"]
[SourceVersion "1"]
[SourceVersionDate "2005.01.01"]
[SourceQuality "1"]
[WhiteTeam "Delmenhorster SK 1931"]
[BlackTeam "SC Anderssen St.Ingbert 1920 e.V."]
[WhiteTeamCountry "GER"]
[BlackTeamCountry "GER"]

1. e4 Nc6 2. Nc3 Nf6 3. g3 d5 4. exd5 Nd4 5. Bg2 Bg4 6. Nce2 Nxd5 7. h3 Bxe2 8.
Nxe2 Nxe2 9. Qxe2 c6 10. O-O e6 11. d4 Be7 12. c4 Nb6 13. Rd1 O-O 14. a4 a5 15.
Be3 Re8 16. b3 Bb4 17. Rd3 Qf6 18. Rad1 Nd7 19. f4 Rac8 20. Be4 Qe7 21. Qg2 Rc7
22. Bf2 Nf6 23. Bf3 Rec8 24. Kh2 Qd7 25. g4 Ne8 26. Kh1 Qe7 27. Bg3 Rd7 28. Qe2
Qf6 29. Qf2 Bd6 30. Bg2 Qg6 31. Bh2 Rcd8 32. Qe2 Qf6 33. Qe3 Bb8 34. d5 exd5
35. cxd5 Re7 36. Qf3 cxd5 37. Rxd5 Rxd5 38. Qxd5 Bxf4 39. Bxf4 Qxf4 40. Qxa5 g6
41. Re1 b6 42. Qc3 Rxe1+ 43. Qxe1 Nf6 44. b4 h5 45. gxh5 Nxh5 46. a5 bxa5 47.
bxa5 Qa4 1/2-1/2

[Event "Bundesliga 9697"]
[Site "Deutschland"]
[Date "1997.??.??"]
[Round "?.8"]
[White "Schlemermeyer, Wilhelm"]
[Black "Kummerow, Heiko"]
[Result "1-0"]
[WhiteElo "2310"]
[BlackElo "2280"]
[PlyCount "101"]
[EventDate "1996.10.??"]
[EventType "team"]
[EventRounds "15"]
[EventCountry "GER"]
[SourceTitle "Bundesliga 9697"]
[Source "DeepChess"]
[SourceDate "2005.01.01"]
[SourceVersion "1"]
[SourceVersionDate "2005.01.01"]
[SourceQuality "1"]
[WhiteTeam "Delmenhorster SK 1931"]
[BlackTeam "SC Anderssen St.Ingbert 1920 e.V."]
[WhiteTeamCountry "GER"]
[BlackTeamCountry "GER"]

1. Nf3 Nf6 2. c4 g6 3. g3 Bg7 4. Bg2 O-O 5. d4 d6 6. Nc3 Nbd7 7. O-O e5 8. e4
c6 9. b3 exd4 10. Nxd4 Re8 11. h3 Nc5 12. Re1 a5 13. Rb1 Qb6 14. Be3 Qc7 15.
Qc2 Bd7 16. Rbd1 Rad8 17. a3 Bc8 18. b4 axb4 19. axb4 Ne6 20. Na4 Nd7 21. Nxe6
Rxe6 22. Re2 Rde8 23. Red2 Qb8 24. c5 Bf8 25. Bf4 Ne5 26. Nb6 dxc5 27. bxc5 Qc7
28. Nc4 Bg7 29. Nd6 Rf8 30. Be3 Re7 31. f4 Nd7 32. Qb3 Nf6 33. Bd4 Nh5 34. e5
Be6 35. Qc3 f6 36. Rb2 fxe5 37. fxe5 Rb8 38. Rf1 Bh6 39. Rbf2 Qd7 40. g4 Ng7
41. Ne4 Ne8 42. Be3 Bg7 43. Nf6+ Bxf6 44. exf6 Rf7 45. Rd2 Qc8 46. Bf4 Ra8 47.
g5 Nc7 48. Bxc7 Rxc7 49. Qe5 Kf7 50. Re1 Bf5 51. Qd6 1-0

[Event "Bundesliga 9697"]
[Site "Deutschland"]
[Date "1997.??.??"]
[Round "?.2"]
[White "Arnold, Lothar"]
[Black "Stohl, Igor"]
[Result "0-1"]
[WhiteElo "2375"]
[BlackElo "2580"]
[PlyCount "128"]
[EventDate "1996.10.??"]
[EventType "team"]
[EventRounds "15"]
[EventCountry "GER"]
[SourceTitle "Bundesliga 9697"]
[Source "DeepChess"]
[SourceDate "2005.01.01"]
[SourceVersion "1"]
[SourceVersionDate "2005.01.01"]
[SourceQuality "1"]
[WhiteTeam "SC Eppingen e.V."]
[BlackTeam "Delmenhorster SK 1931"]
[WhiteTeamCountry "GER"]
[BlackTeamCountry "GER"]

1. e4 c5 2. Nf3 d6 3. d4 cxd4 4. Nxd4 Nf6 5. Nc3 a6 6. Be3 e6 7. f3 b5 8. Qd2
Nbd7 9. g4 h6 10. O-O-O Bb7 11. h4 b4 12. Nce2 d5 13. Ng3 dxe4 14. g5 hxg5 15.
hxg5 Rxh1 16. Nxh1 Nd5 17. g6 Qf6 18. fxe4 Nxe3 19. gxf7+ Qxf7 20. Qxe3 O-O-O
21. Bh3 Bc5 22. Qg3 Nf8 23. Rf1 Qe7 24. Nb3 Bxe4 25. Nf2 Bd6 26. Qe3 Bd5 27.
Ne4 Bc7 28. Qe2 a5 29. Nbc5 Bb6 30. Qb5 Qc7 31. Qa6+ Kb8 32. Qb5 Qc6 33. Qxc6
Bxc6 34. Re1 e5 35. Nd3 Bd4 36. Ng5 Re8 37. Nf7 Ng6 38. Bf5 Nf4 39. Nfxe5 Bb5
40. Nxf4 Rxe5 41. Rxe5 Bxe5 42. Nd3 Bf6 43. b3 Kc7 44. Kd2 Kd6 45. Ke3 Bd8 46.
Be4 g5 47. Bb7 Bd7 48. Bg2 Bb6+ 49. Ke2 Bg4+ 50. Bf3 Bf5 51. Bb7 g4 52. Bg2 Ke6
53. Bb7 Kf6 54. Bd5 Kg5 55. Kf1 Kh4 56. Kg2 Bd4 57. Bc6 g3 58. Bf3 Bh3+ 59. Kh1
Kg5 60. Be4 Bf1 61. Bg2 Be2 62. Be4 Bd1 63. Kg2 Kg4 64. Bh7 Bf3+ 0-1

[Event "Bundesliga 9697"]
[Site "Deutschland"]
[Date "1997.??.??"]
[Round "?.3"]
[White "Beckemeier, Werner"]
[Black "Mann, Christian"]
[Result "1-0"]
[WhiteElo "2365"]
[BlackElo "2440"]
[PlyCount "181"]
[EventDate "1996.10.??"]
[EventType "team"]
[EventRounds "15"]
[EventCountry "GER"]
[SourceTitle "Bundesliga 9697"]
[Source "DeepChess"]
[SourceDate "2005.01.01"]
[SourceVersion "1"]
[SourceVersionDate "2005.01.01"]
[SourceQuality "1"]
[WhiteTeam "Delmenhorster SK 1931"]
[BlackTeam "SC Eppingen e.V."]
[WhiteTeamCountry "GER"]
[BlackTeamCountry "GER"]

1. e4 e6 2. d4 d5 3. Nd2 Nf6 4. e5 Nfd7 5. Bd3 c5 6. c3 Nc6 7. Ne2 f6 8. exf6
Qxf6 9. Nf3 Bd6 10. Bg5 Qf7 11. Be3 cxd4 12. cxd4 Nf6 13. O-O O-O 14. Rc1 Kh8
15. Bf4 Bxf4 16. Nxf4 Ng4 17. g3 e5 18. dxe5 Ncxe5 19. Be2 Bf5 20. Nd4 Rad8 21.
Nxf5 Qxf5 22. Rc5 g5 23. Bxg4 Nxg4 24. Qd4+ Qf6 25. Qxf6+ Rxf6 26. Rxd5 Rg8 27.
Nd3 Rh6 28. Rc1 Nxh2 29. Ne5 Rf8 30. Rc7 g4 31. Nf7+ Rxf7 32. Rxf7 Nf3+ 33. Kf1
Rh1+ 34. Ke2 Re1+ 35. Kd3 Ne5+ 36. Rxe5 Rxe5 37. Rxb7 Rd5+ 38. Ke3 Re5+ 39. Kf4
Re2 40. Kxg4 Rxf2 41. a3 a5 42. b4 Ra2 43. bxa5 Rxa3 44. Ra7 Kg8 45. a6 Ra5 46.
Kf4 h5 47. Ke4 Kf8 48. Kd4 Ke8 49. Kc4 Kd8 50. Kb4 Ra1 51. Kb5 Rb1+ 52. Kc6
Rc1+ 53. Kd6 Rd1+ 54. Ke6 Ra1 55. Rd7+ Ke8 56. Rd6 Ra5 57. Rb6 Kd8 58. Kf7 Kc7
59. Rg6 Kb8 60. Kg7 Ra1 61. Kh6 Rh1 62. Kg5 Rh3 63. Kf4 Ka7 64. Rh6 Rh1 65. Kf3
Rh2 66. Kf4 Rh1 67. Kf3 Rh2 68. Rd6 Ra2 69. Rd5 Ra3+ 70. Kg2 Kxa6 71. Rxh5 Kb6
72. Rd5 Kc6 73. Rd8 Kc7 74. Rd4 Ra8 75. Kf3 Rf8+ 76. Ke4 Rg8 77. Kf4 Kc6 78. g4
Kc5 79. Rd7 Kc6 80. Rf7 Kd6 81. Kf5 Ra8 82. g5 Ra5+ 83. Kf6 Ra1 84. g6 Rg1 85.
Kg7 Ke6 86. Rf2 Rg3 87. Kh7 Rh3+ 88. Kg8 Ke7 89. g7 Rh1 90. Re2+ Kd7 91. Re4
1-0

[Event "Bundesliga 9697"]
[Site "Deutschland"]
[Date "1996.??.??"]
[Round "?.4"]
[White "Donev, Ivo Hristov"]
[Black "Borik, Otto"]
[Result "1-0"]
[WhiteElo "2420"]
[BlackElo "2410"]
[PlyCount "125"]
[EventDate "1996.10.??"]
[EventType "team"]
[EventRounds "15"]
[EventCountry "GER"]
[SourceTitle "Bundesliga 9697"]
[Source "DeepChess"]
[SourceDate "2005.01.01"]
[SourceVersion "1"]
[SourceVersionDate "2005.01.01"]
[SourceQuality "1"]
[WhiteTeam "SC Eppingen e.V."]
[BlackTeam "Delmenhorster SK 1931"]
[WhiteTeamCountry "GER"]
[BlackTeamCountry "GER"]

1. e4 c6 2. d4 d5 3. exd5 cxd5 4. Bd3 Nc6 5. c3 Nf6 6. Bf4 g6 7. Nf3 Bg7 8. O-O
O-O 9. Re1 Bg4 10. h3 Bxf3 11. Qxf3 Qb6 12. Na3 a6 13. Rab1 e6 14. Nc2 Rfe8 15.
Bg5 Nd7 16. Ne3 h6 17. Bf4 Nf8 18. Ng4 g5 19. Be5 Nxe5 20. dxe5 Nd7 21. Bc2 Qd8
22. Qd3 Nf8 23. Qf3 Nd7 24. Qd3 Nf8 25. Re3 h5 26. Nh2 Ng6 27. Rbe1 Rc8 28. Nf3
Rc4 29. Nd4 h4 30. Qd1 Nf8 31. Qh5 Qc7 32. Bb3 Qe7 33. Bxc4 dxc4 34. Nf3 Nh7
35. Qg4 Rc8 36. Rd1 Rc5 37. Re4 b5 38. Red4 Bxe5 39. Rd8+ Kg7 40. R8d7 Qf6 41.
Re1 Nf8 42. Nxe5 Rxe5 43. Rxe5 Qxe5 44. Rd1 Ng6 45. Qd4 Kf6 46. g3 Qxd4 47.
Rxd4 Ke7 48. Kf1 f5 49. Ke2 hxg3 50. fxg3 Ne5 51. Ke3 Nd7 52. h4 gxh4 53. gxh4
e5 54. Rd1 Nf6 55. Rh1 Nh5 56. Rg1 Nf4 57. Rg8 Kf7 58. Ra8 Nd5+ 59. Kd2 b4 60.
Rxa6 bxc3+ 61. bxc3 e4 62. Ra5 Ke6 63. Rxd5 1-0

[Event "Bundesliga 9697"]
[Site "Deutschland"]
[Date "1997.??.??"]
[Round "?.5"]
[White "Lauber, Arnd"]
[Black "Schneider, Bernd2"]
[Result "1-0"]
[WhiteElo "2360"]
[BlackElo "2245"]
[PlyCount "113"]
[EventDate "1996.10.??"]
[EventType "team"]
[EventRounds "15"]
[EventCountry "GER"]
[SourceTitle "Bundesliga 9697"]
[Source "DeepChess"]
[SourceDate "2005.01.01"]
[SourceVersion "1"]
[SourceVersionDate "2005.01.01"]
[SourceQuality "1"]
[WhiteTeam "Delmenhorster SK 1931"]
[BlackTeam "SC Eppingen e.V."]
[WhiteTeamCountry "GER"]
[BlackTeamCountry "GER"]

1. d4 Nf6 2. c4 c5 3. d5 b5 4. cxb5 a6 5. e3 axb5 6. Bxb5 Qa5+ 7. Nc3 Ba6 8.
Bxa6 Nxa6 9. Nf3 d6 10. O-O g6 11. e4 Bg7 12. Re1 O-O 13. e5 Ng4 14. Bf4 Rfb8
15. Qd2 Qb6 16. b3 Nc7 17. h3 Nxe5 18. Nxe5 dxe5 19. Bxe5 Bxe5 20. Rxe5 Qd6 21.
Rae1 e6 22. Qf4 Rb4 23. Qh6 Qf8 24. Qxf8+ Kxf8 25. d6 Na6 26. Ne4 Rd4 27. Re2
Nb4 28. Nxc5 Nxa2 29. Rxe6 Nc3 30. Re1 Rd5 31. R6e3 Nd1 32. Nd7+ Kg7 33. Nb6
Nxe3 34. fxe3 Raa5 35. b4 Rab5 36. Nxd5 Rxd5 37. Rb1 Rxd6 38. b5 Rb6 39. Kf2
Kf6 40. Kf3 Ke5 41. Rb2 f5 42. h4 h6 43. Rb4 g5 44. hxg5 hxg5 45. g4 Ke6 46.
gxf5+ Kxf5 47. e4+ Kf6 48. Kg4 Kg6 49. e5 Kf7 50. Kxg5 Ke6 51. Kf4 Rb8 52. b6
Rh8 53. Rb5 Rf8+ 54. Ke3 Kd7 55. b7 Kc7 56. Ke4 Rb8 57. Kd5 1-0

[Event "Bundesliga 9697"]
[Site "Deutschland"]
[Date "1997.??.??"]
[Round "?.6"]
[White "Reinhardt, Bernd"]
[Black "Reefschlaeger, Helmut"]
[Result "1-0"]
[WhiteElo "2270"]
[BlackElo "2335"]
[PlyCount "61"]
[EventDate "1996.10.??"]
[EventType "team"]
[EventRounds "15"]
[EventCountry "GER"]
[SourceTitle "Bundesliga 9697"]
[Source "DeepChess"]
[SourceDate "2005.01.01"]
[SourceVersion "1"]
[SourceVersionDate "2005.01.01"]
[SourceQuality "1"]
[WhiteTeam "SC Eppingen e.V."]
[BlackTeam "Delmenhorster SK 1931"]
[WhiteTeamCountry "GER"]
[BlackTeamCountry "GER"]

1. g3 d5 2. Bg2 c6 3. f4 g6 4. Nf3 Bg7 5. O-O Nh6 6. d3 O-O 7. Kh1 Qb6 8. c3
Nd7 9. Na3 Nf6 10. Qe1 Qa6 11. h3 Ne8 12. Nc2 f5 13. Be3 Nf7 14. a4 Qa5 15. Qf2
e5 16. fxe5 Nxe5 17. Bc5 Rf7 18. Ng5 Rd7 19. Ne6 Bf6 20. Qe3 Rf7 21. b4 Qa6 22.
Nf4 Ng7 23. a5 Bd7 24. b5 Qxb5 25. Rfb1 Nc4 26. dxc4 Qxc4 27. Bd4 Re8 28. Qd2
Bg5 29. e3 Bxf4 30. gxf4 Bc8 31. Bf1 1-0

[Event "Bundesliga 9697"]
[Site "Deutschland"]
[Date "1997.??.??"]
[Round "?.7"]
[White "Jugelt, Tobias"]
[Black "Dudek, Richard"]
[Result "1-0"]
[WhiteElo "2375"]
[BlackElo "2305"]
[PlyCount "53"]
[EventDate "1996.10.??"]
[EventType "team"]
[EventRounds "15"]
[EventCountry "GER"]
[SourceTitle "Bundesliga 9697"]
[Source "DeepChess"]
[SourceDate "2005.01.01"]
[SourceVersion "1"]
[SourceVersionDate "2005.01.01"]
[SourceQuality "1"]
[WhiteTeam "Delmenhorster SK 1931"]
[BlackTeam "SC Eppingen e.V."]
[WhiteTeamCountry "GER"]
[BlackTeamCountry "GER"]

1. d4 Nf6 2. Nf3 e6 3. Bf4 b6 4. Nbd2 Bb7 5. h3 Be7 6. e3 Ne4 7. Nxe4 Bxe4 8.
Bd3 Bxd3 9. Qxd3 O-O 10. O-O d6 11. e4 Nd7 12. Rad1 Qc8 13. Rfe1 c5 14. Bxd6
Bxd6 15. dxc5 Ne5 16. Qxd6 Nxf3+ 17. gxf3 bxc5 18. Re3 Rb8 19. Rb3 Rb4 20. Rdd3
Ra4 21. Rbc3 Rxa2 22. Rxc5 Qe8 23. Rb3 f6 24. Kh2 Ra1 25. Rb7 e5 26. Rcc7 Qg6
27. Qe6+ 1-0

[Event "Bundesliga 9697"]
[Site "Deutschland"]
[Date "1997.??.??"]
[Round "?.8"]
[White "Staiger, Frank"]
[Black "Schlemermeyer, Wilhelm"]
[Result "1/2-1/2"]
[WhiteElo "2290"]
[BlackElo "2310"]
[PlyCount "173"]
[EventDate "1996.10.??"]
[EventType "team"]
[EventRounds "15"]
[EventCountry "GER"]
[SourceTitle "Bundesliga 9697"]
[Source "DeepChess"]
[SourceDate "2005.01.01"]
[SourceVersion "1"]
[SourceVersionDate "2005.01.01"]
[SourceQuality "1"]
[WhiteTeam "SC Eppingen e.V."]
[BlackTeam "Delmenhorster SK 1931"]
[WhiteTeamCountry "GER"]
[BlackTeamCountry "GER"]

1. d4 Nf6 2. Nf3 g6 3. e3 Bg7 4. Be2 O-O 5. O-O d5 6. c4 c5 7. Nc3 cxd4 8. Nxd4
dxc4 9. Bxc4 a6 10. a4 Qc7 11. Qb3 Nbd7 12. h3 e5 13. Nf3 Nb6 14. Be2 Be6 15.
Qc2 Bf5 16. Qb3 Be6 17. Qc2 Nfd5 18. Ng5 Nxc3 19. bxc3 Bc4 20. Bxc4 Nxc4 21. e4
Rfd8 22. Nf3 Rac8 23. Bg5 f6 24. Bc1 Bf8 25. Rb1 Kg7 26. Nd2 Na5 27. Nb3 Nc4
28. Nd2 Rd7 29. Re1 Na5 30. Nf1 Bc5 31. Be3 Nc4 32. Bxc5 Qxc5 33. Qa2 Rcd8 34.
Qb3 Na5 35. Qb4 Qxb4 36. cxb4 Nc4 37. b5 a5 38. f3 Rd4 39. Rec1 R8d7 40. b6
R7d6 41. Rb5 Kf7 42. Rc5 Nxb6 43. Rxa5 Rd7 44. Ra1 Ke6 45. Ra7 f5 46. a5 Nc8
47. exf5+ gxf5 48. Ra8 Nd6 49. a6 bxa6 50. R8xa6 h5 51. Ng3 h4 52. Ne2 Rd2 53.
R1a2 Rxa2 54. Rxa2 Nc4 55. Kf2 f4 56. Nc3 Ne3 57. Ne4 Rg7 58. Ra6+ Kd5 59. Nf6+
Kd4 60. Ng4 Rb7 61. Ra4+ Nc4 62. Nxe5 Rb2+ 63. Kg1 Rb1+ 64. Kh2 Kxe5 65. Rxc4
Kf5 66. Rc8 Rb6 67. Rg8 Rg6 68. Rf8+ Kg5 69. Kg1 Rg7 70. Kf2 Rg6 71. Rh8 Rg7
72. Rb8 Rg6 73. Rb5+ Kh6 74. Rf5 Ra6 75. Rxf4 Ra2+ 76. Ke3 Kh5 77. Rg4 Ra3+ 78.
Kf4 Ra4+ 79. Kf5 Ra5+ 80. Kf6 Ra6+ 81. Kg7 Ra7+ 82. Kh8 Ra8+ 83. Kh7 Ra7+ 84.
Rg7 Ra2 85. Kh8 Ra8+ 86. Rg8 Ra2 87. Rg4 1/2-1/2

[Event "Bundesliga 9697"]
[Site "Deutschland"]
[Date "1996.??.??"]
[Round "?.1"]
[White "Jussupow, Artur"]
[Black "Hausner, Ivan"]
[Result "1-0"]
[WhiteElo "2665"]
[BlackElo "2410"]
[PlyCount "105"]
[EventDate "1996.10.??"]
[EventType "team"]
[EventRounds "15"]
[EventCountry "GER"]
[SourceTitle "Bundesliga 9697"]
[Source "DeepChess"]
[SourceDate "2005.01.01"]
[SourceVersion "1"]
[SourceVersionDate "2005.01.01"]
[SourceQuality "1"]
[WhiteTeam "SG 1868 Aljech. Solingen"]
[BlackTeam "Delmenhorster SK 1931"]
[WhiteTeamCountry "GER"]
[BlackTeamCountry "GER"]

1. d4 Nf6 2. c4 g6 3. Nc3 Bg7 4. e4 d6 5. Be2 Nbd7 6. Nf3 e5 7. d5 Nc5 8. Qc2
a5 9. Bg5 h6 10. Be3 b6 11. h3 Nh7 12. Nd2 Bf6 13. g3 h5 14. h4 Be7 15. O-O-O
Nf6 16. f3 Bd7 17. Ndb1 Qc8 18. Na3 Bf8 19. Qd2 Bg7 20. Nab5 Kf8 21. Kb1 Qb7
22. Bf1 Re8 23. Bh3 Bxh3 24. Rxh3 Ng8 25. g4 Nf6 26. Qg2 Nfd7 27. gxh5 Rxh5 28.
Ne2 Bh6 29. Bxc5 bxc5 30. Ng3 Nf6 31. Rhh1 Ra8 32. Rd3 Ke7 33. Rb3 Qc8 34. Ra3
Kd8 35. Qf2 Ra6 36. Qe1 Qa8 37. Ra4 Bf4 38. Nxh5 Nxh5 39. Rg1 Bh6 40. Rg2 Bf4
41. Rc2 Bg3 42. Qh1 Qc8 43. Rc3 f5 44. Rca3 fxe4 45. fxe4 Qg4 46. Rxa5 Rxa5 47.
Rxa5 Qe2 48. Nc3 Qd3+ 49. Ka1 Nf4 50. Qd1 Qxd1+ 51. Nxd1 Bxh4 52. Ra8+ Kd7 53.
a4 1-0